| 000 | 00369nam a22001217a 4500 | ||
|---|---|---|---|
| 999 |
_c2692 _d2692 |
||
| 005 | 20200923102028.0 | ||
| 008 | 200923b ||||| |||| 00| 0 eng d | ||
| 020 | _a12918 | ||
| 040 | _cCML | ||
| 245 |
_aCompton's Pictured Encyclopedia. _cWilliam, B. |
||
| 260 |
_aChicago _bF.E. Compton and Company _c1963 |
||
| 942 |
_2ddc _cAUDIO _eVolume 7 _h031 _kR031 _mCOM |
||